Statistics for No Clues: What Are These Song Lyrics #7

Click here to take the quiz!

General Stats

  • This quiz has been taken 2,127 times
    (1,544 since last reset)
  • The average score is 15 of 53

Answer Stats

lyrics% Correct
I
98%
a
96%
you
87%
the
86%
and
69%
am
67%
in
64%
on
61%
can
57%
is
52%
it
52%
for
48%
want
43%
know
41%
that
38%
if
36%
like
36%
all
35%
time
33%
don't
31%
but
30%
need
30%
hear
29%
ever
28%
than
22%
more
21%
won't
20%
down
17%
look
16%
rain
13%
sun
12%
singin'
11%
line
10%
road
10%
still
10%
drive
8%
small
7%
through
7%
another
6%
county
6%
lineman
6%
stand
6%
main
5%
Wichita
5%
Searchin'
4%
vacation
4%
wire
4%
overload
3%
snows
3%
south
3%
strain
3%
whine
3%
stretch
2%

Score Distribution

Percentile by Number Answered

Percent of People with Each Score

Your Score History

You have not taken this quiz since the last reset